000 00567cam a22001933a 4500
001 43474
003 PGUSA
005 20140828084005.0
008 130815s2013||||xxu|||||s|||||000 | eng d
040 _aPGUSA
_beng
042 _adc
245 1 0 _aHarper's Young People, November 30, 1880 :
_bAn Illustrated Monthly
_h[electronic resource] /
_cVarious
260 _bProject Gutenberg,
_c2013
506 _aPublic domain in the USA.
516 _aElectronic text
830 0 _aProject Gutenberg
_v43474
856 4 0 _uhttp://www.gutenberg.org/ebooks/43474
942 _cEB
999 _c272725
_d272725